000 00415nam a2200181Ia 4500
008 170705s9999 xx 000 0 und d
020 _a516245058
245 _aLet's go to the zoo /
245 _cCate Foley.
260 _aNew York :
260 _bScholastic,
260 _c2001
300 _a24 pages :
300 _bcolor illustration ;
300 _c15cm.
440 _aWelcome books.
500 _a100
999 _c335344
_d335344